000 00568nam a2200181 4500
999 _c189720
_d189720
005 20220711161901.0
010 _aENG-133465
020 _a9788120755970
_c195.00
035 _aEN-116997
037 _bDBAD/PUB
082 _a370
100 _aRVM
245 _aSuccsex:
_bsuccess through sex transmutation/
_cRVM
260 _aNew Delhi
_bSterling publishers pvt.ltd.
_c2010
270 _aA-59,okhla industrial area, phase-3
_bNew Delhi
_e110020
_k26387070
_mmail@sterlingpublishers.com
300 _a111p.
_c22cm(pbk)
942 _2ddc
_cEN
_h370
_mRVM